Loading...
| Science - Physics | 0 | 1 | 0 | 0 | 10 | 98 | 98.00 | 1 | 1 | 0.00 | 0.00 |
| Fine Arts - Painting and Sculpture | 0 | 1 | 0 | 0 | 10 | 117 | 117.00 | 0 | 0 | 0.00 | 0.00 |
| Geography | 0 | 1 | 0 | 0 | 10 | 58 | 58.00 | 1 | 1 | 0.00 | 0.00 |
| History - European | 0 | 2 | 2 | 0 | 10 | 46 | 62.00 | 0 | 1 | 0.00 | 0.00 |
| History - Other | 0 | 1 | 0 | 0 | 10 | 136 | 136.00 | 0 | 1 | 0.00 | 0.00 |
| History - World | 0 | 2 | 2 | 1 | 10 | 108 | 111.00 | 0 | 1 | 0.00 | 0.00 |
| Religion | 0 | 1 | 0 | 1 | 10 | 137 | 137.00 | 0 | 1 | 0.00 | 0.00 |
| Current Events | 0 | 1 | 0 | 0 | 10 | 92 | 92.00 | 1 | 1 | 0.00 | 0.00 |
| History - American | 0 | 1 | 1 | 0 | 5 | 87 | 87.00 | 0 | 1 | 0.00 | 0.00 |
| Science - Other | 0 | 0 | 0 | 0 | 0 | 0.00 | 0 | 0 | 0.00 | 0.00 | |
| Literature - British | 0 | 0 | 0 | 0 | 0 | 0.00 | 0 | 0 | 0.00 | 0.00 | |
| Literature - European | 0 | 0 | 1 | 0 | -5 | 0.00 | 0 | 0 | 0.00 | 0.00 | |
| Literature - World | 0 | 0 | 1 | 0 | -5 | 0.00 | 0 | 0 | 0.00 | 0.00 |